| 000 | 01235nam a2200337 a 4500 | ||
|---|---|---|---|
| 001 | 000113852 | ||
| 003 | CHAP | ||
| 005 | 20220329144416.0 | ||
| 008 | 171002s2017 mx a fsm |||||||spa d | ||
| 010 | _a110313 | ||
| 011 | _a111285 | ||
| 040 | _cCHAP | ||
| 090 | _aTesis | ||
| 100 | 1 |
_aSoto Yañez, César Ezequiel _9133572 |
|
| 245 | 1 | 0 |
_aEstrategias comerciales de mezcal producido en el estado de Guerrero / _h[En línea] _cpor César Ezequiel Soto Yañez. |
| 260 |
_aChapingo, Méx. : _bEl autor, _c2017. |
||
| 500 | _aPara ver el contenido del material haga clic en la liga | ||
| 502 | _aTesis (Lic. en Comercio Internacional) -- UACH. División de Ciencias Económico-Administrativas | ||
| 590 |
_aE8697GMM _b05 _c20171002 _lUCH01 _h0953 |
||
| 590 |
_aE8697GMM _b05 _c20171002 _lUCH01 _h1009 |
||
| 590 |
_aE8697GMM _b05 _c20171002 _lUCH01 _h1149 |
||
| 650 | 1 | 4 |
_aMezcal artesanal _xElaboración _zGuerrero. _9133578 |
| 650 | 1 | 4 |
_aMezcal artesanal _xMercadeo. _9133275 |
| 650 | 1 | 4 |
_aMezcal _xConsumo. _9133295 |
| 650 | 1 | 4 |
_aMezcal _xExportación. _975356 |
| 650 | 1 | 4 |
_aMezcal _xRendimiento. _975360 |
| 856 |
_aFinding aid _uhttp://10.13.5.2/tesis/sist113852.pdf _zTeclea aquí |
||
| 901 | _aBK | ||
| 942 | _cTESIS | ||
| 942 | _n0 | ||
| 999 |
_c110313 _d110313 |
||